000 00798nam a2200241 a 4500
001 699
003 BR-CuiBMT
005 20231216012024.0
008 231113s2007 mgb 000 0 por d
020 _a9788577000876
040 _aBR-CuiBMT
_cBR-CuiBMT
080 _22007
_a351.94:336.148
090 _a351.94:336.148
_bK29c
100 1 _aKelles, Márcio Ferreira,
_d1957-
245 _aControle da administração pública democrática :
_btribunal de contas no controle da LRF /
_cMárcio Ferreira Kelles ; prefácio, José Alfredo Baracho Júnior.
260 _aBelo Horizonte :
_bFórum,
_c2007.
300 _a294 p.:
_c22 cm
504 _aInclui bibliografia.
650 _aTribunais de contas
650 _aResponsabilidade fiscal
650 _aAdministração pública
942 _2udc
_cLV
999 _c699
_d699